Realidades y relaciones: aproximaciones a la construcción social
Uloženo v:
| Hlavní autor: | |
|---|---|
| Médium: | Kniha |
| Jazyk: | španělština |
| Vydáno: |
Barcelona
Paidós
1996
|
| Edice: | Paidós Básica
|
| Témata: | |
| Tagy: |
Přidat tag
Žádné tagy, Buďte první, kdo vytvoří štítek k tomuto záznamu!
|
MARC
| LEADER | 00000nam a2200000 a 4500 | ||
|---|---|---|---|
| 001 | UCT8360 | ||
| 003 | CL-VaPUC | ||
| 008 | 970326e19960000SP |||||||||||||||||spa|d | ||
| 082 | 0 | 4 | |a 306.42 |b GER |2 21 |
| 100 | |a Gergen, Kenneth J |e author |9 501116 | ||
| 245 | 1 | 0 | |a Realidades y relaciones: aproximaciones a la construcción social |
| 300 | |a 398 p | ||
| 942 | |c BK | ||
| 945 | |d 19970326 00:00:00 |a nastorga | ||
| 260 | |a Barcelona |b Paidós |c 1996 | ||
| 650 | 0 | |a Sociología del conocimiento |9 308651 | |
| 650 | 0 | |a Teoría del conocimiento |9 255038 | |
| 650 | 0 | |a Psicología social |9 222894 | |
| 650 | 0 | |a Cultura |9 269059 | |
| 650 | 0 | |a Comunidad |9 308730 | |
| 650 | 0 | |a Sociedad |9 307903 | |
| 583 | |a last modification |c 19970326 00:00:00 |k Rodrigo Vera | ||
| 490 | 0 | |a Paidós Básica | |
| 999 | |c 256868 |d 256866 | ||
| 952 | |0 0 |1 0 |4 0 |6 306_420000000000000_GER_1996 |7 0 |8 A |9 279916 |a FDOPOS |b FDOPOS |d 2019-11-19 |i 3294684 |o 306.42 GER 1996 |p 3294684 |r 2025-01-22 |w 2019-11-19 |y BK |k MLA | ||
| 952 | |0 0 |1 0 |4 0 |6 306_420000000000000_GER_1996 |7 0 |8 A |9 279917 |a BIBEDU |b BIBEDU |d 2019-11-19 |i 3300714 |o 306.42 GER 1996 |p 3300714 |r 2019-11-19 |w 2019-11-19 |y BK |k PSI | ||
| 952 | |0 0 |1 0 |4 0 |6 306_420000000000000_GER_1996 |7 0 |8 A |9 279918 |a BIBGIM |b BIBGIM |d 2019-11-19 |i 3677370 |o 306.42 GER 1996 |p 3677370 |r 2025-01-15 |w 2019-11-19 |y BK |k SSL | ||
| 952 | |0 0 |1 0 |4 0 |6 306_420000000000000_GER_1996 |7 0 |8 A |9 279919 |a BIBEDU |b BIBEDU |d 2019-11-19 |i 3694283 |o 306.42 GER 1996 |p 3694283 |r 2019-11-19 |w 2019-11-19 |y BK |k BME | ||
| 952 | |0 0 |1 0 |4 0 |6 306_420000000000000_GER_1996 |7 0 |8 A |9 279920 |a BIBGIM |b BIBGIM |d 2019-11-19 |i 4025555 |o 306.42 GER 1996 |p 4025555 |r 2025-01-15 |w 2019-11-19 |y BK |k SSL | ||
| 952 | |0 0 |1 0 |4 0 |6 306_420000000000000_GER_1996 |7 0 |8 A |9 279921 |a BIBGIM |b BIBGIM |d 2019-11-19 |i 4093739 |o 306.42 GER 1996 |p 4093739 |r 2025-01-15 |w 2019-11-19 |y BK |k SSL | ||
| 952 | |0 0 |1 0 |4 0 |6 306_420000000000000_GER_1996 |7 0 |8 A |9 279922 |a BIBEDU |b BIBEDU |d 2019-11-19 |i 430814K |o 306.42 GER 1996 |p 430814K |r 2019-11-19 |w 2019-11-19 |y BK |k PSI | ||
| 952 | |0 0 |1 0 |4 0 |6 306_420000000000000_GER_1996 |7 0 |8 A |9 279923 |a BIBCUR |b BIBCUR |d 2019-11-19 |i 4592204 |o 306.42 GER 1996 |p 4592204 |r 2025-04-22 |w 2019-11-19 |y BK |k PER | ||